[Event "GER-ch U25-B"]
[Site "Willingen"]
[Date "2023.05.30"]
[Round "4"]
[White "Christen, Jan"]
[Black "Fettig, Konrad"]
[Result "1-0"]
[WhiteElo "1598"]
[BlackElo "1601"]
[PlyCount "41"]
[EventDate "2023.05.27"]
[EventType "swiss"]
[EventRounds "9"]
[EventCountry "GER"]
[SourceTitle "CBM 214 Extra"]
[Source "ChessBase"]
[SourceDate "2023.07.31"]
[SourceVersion "1"]
[SourceVersionDate "2023.07.31"]
[SourceQuality "1"]

1. d4 d5 2. c4 e6 3. Nf3 c5 4. cxd5 exd5 5. Nc3 Nf6 6. Bf4 Nc6 7. h3 Bf5 8. e3 Be7 9. Bb5 0-0 10. 0-0 cxd4 11. Nxd4 Nxd4 12. Qxd4 Be6 13. Rfd1 Nh5 14. Be5 Nf6 15. Ba4 Qa5 16. Bc2 Rfd8 17. Qh4 h6 18. f4 Qb6 19. Bd4 Bc5 20. Na4 Qc6 21. Nxc5 1-0

[Event "GER-ch U25-B"]
[Site "Willingen"]
[Date "2023.05.28"]
[Round "1"]
[White "Fettig, Konrad"]
[Black "Sensoy, Emir"]
[Result "1/2-1/2"]
[WhiteElo "1601"]
[BlackElo "1418"]
[PlyCount "147"]
[EventDate "2023.05.27"]
[EventType "swiss"]
[EventRounds "9"]
[EventCountry "GER"]
[SourceTitle "CBM 214 Extra"]
[Source "ChessBase"]
[SourceDate "2023.07.31"]
[SourceVersion "1"]
[SourceVersionDate "2023.07.31"]
[SourceQuality "1"]

1. e4 c5 2. Nf3 d6 3. d4 cxd4 4. Nxd4 Nf6 5. Nc3 g6 6. Bc4 Bg7 7. 0-0 0-0 8. Be3 Nc6 9. Nf3 Bg4 10. Be2 Rc8 11. h3 Bxf3 12. Bxf3 Ne5 13. Be2 a6 14. Bd3 d5 15. exd5 Nxd5 16. Bd4 Nxc3 17. Bxc3 Nxd3 18. Bxg7 Kxg7 19. cxd3 Qb6 20. Qe2 e6 21. Rac1 Rfd8 22. Rc2 Qd4 23. Rd1 Rxc2 24. Qxc2 e5 25. Qc3 Qxc3 26. bxc3 b5 27. Kf1 Rc8 28. Rc1 Kf6 29. Ke2 Ke6 30. c4 f5 31. Rb1 Rb8 32. a4 b4 33. a5 Kd6 34. Kd2 Kc5 35. Kc2 Re8 36. Re1 e4 37. dxe4 Kxc4 38. e5 Re6 39. f4 b3+ 40. Kb2 Kb4 41. Rd1 Kxa5 42. Kxb3 Kb5 43. g4 Kc5 44. gxf5 gxf5 45. Rd7 Rh6 46. Rd3 Rh4 47. Re3 Rxf4 48. e6 Rb4+ 49. Kc3 Rb8 50. Re5+ Kd6 51. Rxf5 Rc8+ 52. Kd4 Kxe6 53. Rh5 Rd8+ 54. Ke4 Re8 55. Rxh7 Kf6+ 56. Kf4 Ra8 57. Rh6+ Kg7 58. Kg5 a5 59. Rc6 a4 60. Rc7+ Kg8 61. Rc1 a3 62. h4 Rb8 63. Kg6 a2 64. Ra1 Rb6+ 65. Kf5 Rb2 66. Rg1+ Kh7 67. Ra1 Rg2 68. Ke4 Kg6 69. Kd3 Kh5 70. Kc3 Kxh4 71. Kb3 Kg4 72. Rxa2 Rg3+ 73. Kb4 Kf5 74. Ra5+ 1/2-1/2

[Event "GER-chT U14"]
[Site "Willingen"]
[Date "2022.08.14"]
[Round "4.7"]
[White "Fettig, Konrad"]
[Black "Gering, Jakob"]
[Result "0-1"]
[WhiteElo "1677"]
[BlackElo "1423"]
[PlyCount "78"]
[EventDate "2022.08.13"]
[EventType "team-swiss"]
[EventRounds "7"]
[EventCountry "GER"]
[SourceTitle "EXT 2023"]
[Source "ChessBase"]
[SourceDate "2022.10.05"]
[SourceVersion "1"]
[SourceVersionDate "2022.10.05"]
[SourceQuality "1"]
[WhiteTeam "Kastellaun"]
[BlackTeam "Paderborn"]
[WhiteTeamCountry "GER"]
[BlackTeamCountry "GER"]

1. c4 c5 2. g3 g6 3. Bg2 Bg7 4. Nc3 Nc6 5. e4 e6 6. Nf3 Nge7 7. 0-0 0-0 8. d3 a6 9. Be3 b6 10. Qd2 Bb7 11. Bh6 d5 12. Bxg7 Kxg7 13. cxd5 exd5 14. exd5 Nb4 15. d4 c4 16. Qe2 Rc8 17. Ne5 Nexd5 18. a3 Nxc3 19. bxc3 Bxg2 20. Kxg2 Nd5 21. Qb2 h5 22. Nf3 Qd7 23. Rfe1 Nf4+ 24. gxf4 Qg4+ 25. Kf1 Qxf3 26. Re3 Qxf4 27. Kg2 Rc6 28. Rae1 h4 29. Qe2 Rf6 30. Re5 h3+ 31. Kg1 Rh8 32. Qe3 Rh4 33. Qxf4 Rhxf4 34. R1e2 Rg4+ 35. Kf1 Rg2 36. d5 Rxh2 37. Rd2 Rh1+ 38. Ke2 h2 39. d6 Rg1 0-1

[Event "GER-chT U14"]
[Site "Willingen"]
[Date "2022.08.13"]
[Round "1.10"]
[White "Fettig, Konrad"]
[Black "Liu, Leon"]
[Result "0-1"]
[WhiteElo "1677"]
[BlackElo "1256"]
[PlyCount "118"]
[EventDate "2022.08.13"]
[EventType "team-swiss"]
[EventRounds "7"]
[EventCountry "GER"]
[SourceTitle "EXT 2023"]
[Source "ChessBase"]
[SourceDate "2022.10.05"]
[SourceVersion "1"]
[SourceVersionDate "2022.10.05"]
[SourceQuality "1"]
[WhiteTeam "Kastellaun"]
[BlackTeam "Karlsruhe SF"]
[WhiteTeamCountry "GER"]
[BlackTeamCountry "GER"]

1. e4 c6 2. d4 d5 3. exd5 cxd5 4. c3 Bf5 5. Bd3 Bxd3 6. Qxd3 Nc6 7. Nf3 e6 8. Bf4 Nf6 9. Nbd2 Be7 10. 0-0 0-0 11. Rfe1 Qb6 12. Ne5 Rac8 13. Bg5 Nxe5 14. dxe5 Ng4 15. Bxe7 Qxf2+ 16. Kh1 Qxe1+ 17. Rxe1 Nf2+ 18. Kg1 Nxd3 19. Rf1 Rfe8 20. Ba3 Nxe5 21. Re1 Nc4 22. Nxc4 Rxc4 23. Kf2 Rec8 24. Rd1 Ra4 25. g4 Rxa3 26. bxa3 Rxc3 27. Rb1 Rxa3 28. Rxb7 g6 29. Rb2 Kg7 30. Rd2 Kf6 31. Kg2 Kg5 32. h3 Kh4 33. Rf2 f5 34. gxf5 exf5 35. Rd2 Rg3+ 36. Kf2 Rxh3 37. Rxd5 Rh2+ 38. Kf3 Rxa2 39. Rd7 h5 40. Rd1 Kg5 41. Rg1+ Kh6 42. Rh1 a5 43. Rb1 a4 44. Rb4 Ra1 45. Ke2 a3 46. Kd2 a2 47. Kc2 Rc1+ 48. Kxc1 a1Q+ 49. Rb1 Qxb1+ 50. Kxb1 h4 51. Kc1 h3 52. Kd1 h2 53. Ke2 h1Q 54. Kf2 Qe4 55. Kg3 f4+ 56. Kf2 Qe3+ 57. Kf1 Qg3 58. Ke2 f3+ 59. Kf1 Qg2+ 0-1

[Event "DSOL 08 Liga Gr-D 1st"]
[Site "Playchess.com INT"]
[Date "2020.08.12"]
[Round "2.3"]
[White "Fettig, Konrad"]
[Black "Kawaletz, Hanna"]
[Result "0-1"]
[WhiteElo "867"]
[BlackElo "1162"]
[PlyCount "74"]
[EventDate "2020.06.22"]
[EventType "team-tourn (rapid)"]
[EventCountry "GER"]
[SourceTitle "EXT 2021"]
[Source "ChessBase"]
[SourceDate "2020.10.23"]
[SourceVersion "1"]
[SourceVersionDate "2020.10.23"]
[SourceQuality "1"]
[WhiteTeam "Kastellaun II"]
[BlackTeam "Eichstetten"]
[WhiteTeamCountry "GER"]
[BlackTeamCountry "GER"]

1. e4 c6 2. Nc3 d5 3. Qe2 d4 4. Nd1 e5 5. Nf3 Bd6 6. g3 Nf6 7. d3 Be6 8. Bg2 0-0 9. 0-0 Re8 10. c3 c5 11. cxd4 cxd4 12. Bd2 Nbd7 13. b3 Nf8 14. Nxd4 exd4 15. e5 Bg4 16. f3 Rxe5 17. Qf2 Bd7 18. Bf4 Rd5 19. Bd2 Bc7 20. f4 Ng4 21. Qf3 Nf6 22. Qf2 Rc5 23. Qxd4 Bb6 24. Kh1 Bc6 25. Qxd8 Bxg2+ 26. Kxg2 Rxd8 27. Nc3 Rxd3 28. Rf2 Rcxc3 29. Bxc3 Bxf2 30. Bxf6 Bxg3 31. hxg3 gxf6 32. Kh3 Ng6 33. Kg4 Ne7 34. f5 Rd4+ 35. Kh5 Nxf5 36. Re1 Nxg3+ 37. Kh6 Rh4# 0-1

[Event "GER-ch Net Amateur Gr-C Vor2"]
[Site "Playchess.com INT"]
[Date "2020.04.15"]
[Round "6"]
[White "Fettig, Konrad"]
[Black "Niese, Juergen"]
[Result "1-0"]
[WhiteElo "1292"]
[BlackElo "1084"]
[PlyCount "79"]
[EventDate "2020.04.15"]
[EventType "swiss (blitz)"]
[EventRounds "9"]
[EventCountry "GER"]
[SourceTitle "CBM 196 Extra"]
[Source "ChessBase"]
[SourceDate "2020.07.31"]
[SourceVersion "1"]
[SourceVersionDate "2020.07.31"]
[SourceQuality "1"]

1. e4 Nf6 2. e5 Nd5 3. c4 Nb6 4. c5 Nd5 5. Bc4 c6 6. Nf3 d6 7. cxd6 exd6 8. 0-0 Be6 9. d4 Be7 10. Be3 0-0 11. Nc3 Nxe3 12. fxe3 Bxc4 13. Rf2 Nd7 14. b3 Ba6 15. a4 b6 16. Rb1 Bb7 17. b4 c5 18. b5 Rc8 19. exd6 Bxd6 20. dxc5 Nxc5 21. Nd4 Be5 22. Rd2 Qg5 23. Rbb2 Qh6 24. g3 Ne4 25. Nxe4 Bxe4 26. Rbc2 Qxe3+ 27. Kf1 Bxc2 28. Nxc2 Rxc2 29. Rxc2 Bd4 30. Rd2 Qg1+ 31. Ke2 Re8+ 32. Kd3 Qe3+ 33. Kc2 Rc8+ 34. Kb1 Rc4 35. Rc2 Qb3+ 36. Kc1 Rxc2+ 37. Qxc2 Qe3+ 38. Kb1 g6 39. Qc8+ Kg7 40. Qc1 1-0

[Event "GER-ch Net Amateur Gr-C Vor1"]
[Site "Playchess.com INT"]
[Date "2020.04.14"]
[Round "4"]
[White "Fettig, Konrad"]
[Black "Klees, Robert"]
[Result "1-0"]
[WhiteElo "1277"]
[BlackElo "1620"]
[PlyCount "61"]
[EventDate "2020.04.14"]
[EventType "swiss (blitz)"]
[EventRounds "9"]
[EventCountry "GER"]
[SourceTitle "CBM 196 Extra"]
[Source "ChessBase"]
[SourceDate "2020.07.31"]
[SourceVersion "1"]
[SourceVersionDate "2020.07.31"]
[SourceQuality "1"]

1. e4 e5 2. Nf3 Nc6 3. Bc4 Nf6 4. Ng5 Bc5 5. Nxf7 Bxf2+ 6. Kxf2 Nxe4+ 7. Ke3 Qh4 8. Qf3 Rf8 9. Qxe4 Qxe4+ 10. Kxe4 b6 11. Nc3 Bb7 12. d3 Nb4+ 13. Kxe5 d6+ 14. Kf4 h6 15. a3 Nxc2 16. Rb1 Kd7 17. Be3 Nxe3 18. Kxe3 Bxg2 19. Rhg1 Bc6 20. Rxg7 Rae8+ 21. Ne5+ Kc8 22. Kd2 Rxe5 23. Re1 Rf2+ 24. Kd1 Rxe1+ 25. Kxe1 Rxb2 26. Be6+ Kb7 27. Nd5 Bxd5 28. Bxd5+ Ka6 29. Rxc7 Rxh2 30. Bc4+ Ka5 31. Rxa7# 1-0